Hauptstädte am Nächsten von Havanna - Statistiken

Allgemein
  • Dieses Quiz wurde 90 mal gespielt
  • Das Durchschnittsergebnis liegt bei 15 aus 20
Antwortstatistiken
Km Hauptstadt % Korrekt
811 Kingston
95%
1393 Santo Domingo
95%
1786 Mexiko-Stadt
92%
1163 Port-au-Prince
92%
553 Nassau
88%
1829 Washington
86%
2164 Caracas
81%
1601 Panama-Stadt
81%
1274 Guatemala- Stadt
80%
1273 San Salvador
78%
2236 Bogotá
77%
1479 San José
77%
931 Belmopan
69%
1291 Managua
67%
2244 Saint John's
63%
1127 Tegucigalpa
63%
2368 Roseau
56%
2470 Castries
53%
2492 Kingstown
52%
2149 Basseterre
50%
Keine übereinstimmenden Quizze gefunden
Verteilung der Resultate
Anzahl Personen mit jedem Resultat
Perzentil nach korrekt beantworteten Fragen
Ihre Resultats-Entwicklung
Sie haben dieses Quiz noch nicht gespielt